[Event "ROM-chT2"]
[Site "Mamaia"]
[Date "2015.10.10"]
[Round "8.6"]
[White "Bunta, Andrei"]
[Black "Padurean, Daniel Cristian"]
[Result "1-0"]
[WhiteElo "2142"]
[BlackElo "1812"]
[PlyCount "37"]
[EventDate "2015.10.03"]
[EventType "team-tourn"]
[EventRounds "9"]
[EventCountry "ROU"]
[SourceTitle "CBM 169 Extra"]
[Source "ChessBase"]
[SourceDate "2015.12.18"]
[SourceVersion "1"]
[SourceVersionDate "2015.12.18"]
[SourceQuality "1"]
[WhiteTeam "Arad Vados"]
[BlackTeam "Resita Muncitorul"]
[WhiteTeamCountry "ROU"]
[BlackTeamCountry "ROU"]

1. d4 Nf6 2. c4 e5 3. dxe5 Ng4 4. Bf4 g5 5. Bg3 Nc6 6. Nf3 Bg7 7. e3 Ngxe5 8. Nxe5 Nxe5 9. Nc3 d6 10. h4 g4 11. Be2 f5 12. Qc2 Be6 13. 0-0-0 Qf6 14. Nb5 Qe7 15. Nd4 Rf8 16. c5 dxc5 17. Nxe6 Qxe6 18. Qxc5 Qc6 19. Bb5 1-0

[Event "ROM-chT2"]
[Site "Mamaia"]
[Date "2015.10.05"]
[Round "3.6"]
[White "Enache, Danut Alexandru"]
[Black "Bunta, Andrei"]
[Result "0-1"]
[WhiteElo "2296"]
[BlackElo "2142"]
[PlyCount "72"]
[EventDate "2015.10.03"]
[EventType "team-tourn"]
[EventRounds "9"]
[EventCountry "ROU"]
[SourceTitle "CBM 169 Extra"]
[Source "ChessBase"]
[SourceDate "2015.12.18"]
[SourceVersion "1"]
[SourceVersionDate "2015.12.18"]
[SourceQuality "1"]
[WhiteTeam "Craiova Oltenia"]
[BlackTeam "Arad Vados"]
[WhiteTeamCountry "ROU"]
[BlackTeamCountry "ROU"]

1. d4 Nf6 2. Nf3 d5 3. c4 e6 4. Nc3 Bb4 5. Qa4+ Nc6 6. Ne5 Bd7 7. Nxc6 Bxc3+ 8. bxc3 Bxc6 9. Qb3 dxc4 10. Qxc4 Ne4 11. Bf4 Qf6 12. Be3 Qh4 13. h3 0-0 14. Rg1 Qh5 15. g4 Qa5 16. Rc1 Bd5 17. Qb4 Qxa2 18. f3 a5 19. Qe7 Nd6 20. Bf4 Rfc8 21. Qh4 Bc4 22. Rg2 Qa4 23. e4 Bxf1 24. Kxf1 Qc4+ 25. Kg1 a4 26. Qg5 f6 27. Qh4 Rf8 28. g5 Ne8 29. Kh2 a3 30. Rcg1 a2 31. gxf6 Rxf6 32. Rxg7+ Nxg7 33. Qxf6 Qe2+ 34. Kg3 a1Q 35. Rxa1 Nh5+ 36. Kh4 Nxf6 0-1

[Event "Arad op 8th"]
[Site "Arad"]
[Date "2015.08.09"]
[Round "5"]
[White "Sriram, Jha"]
[Black "Bunta, Andrei"]
[Result "1-0"]
[WhiteElo "2400"]
[BlackElo "2134"]
[PlyCount "57"]
[EventDate "2015.08.06"]
[EventType "swiss"]
[EventRounds "9"]
[EventCountry "ROU"]
[SourceTitle "CBM 167 Extra"]
[Source "ChessBase"]
[SourceDate "2015.09.14"]
[SourceVersion "1"]
[SourceVersionDate "2015.09.14"]
[SourceQuality "1"]

1. d4 Nf6 2. c4 g6 3. g3 c6 4. Nf3 Bg7 5. Bg2 d5 6. Qb3 Qb6 7. 0-0 0-0 8. Nc3 Rd8 9. Na4 Qxb3 10. axb3 Na6 11. Bf4 Bf5 12. Nc3 Ne4 13. Rfc1 g5 14. Nxg5 Bxd4 15. cxd5 cxd5 16. Nxd5 Rxd5 17. Nxe4 Rad8 18. Nc3 R5d7 19. Bf3 Be6 20. e3 Bg7 21. Ra3 Nc5 22. Rxa7 Bxb3 23. Rca1 Rd2 24. Ra8 Kf8 25. Bc7 Re8 26. Rxe8+ Kxe8 27. Ra8+ Kd7 28. Rd8+ Kxc7 29. Rxd2 1-0

[Event "ROM-ch U18"]
[Site "Calimanesti"]
[Date "2015.04.05"]
[Round "8"]
[White "Vrajitoru, Vlad Laurentiu Flor"]
[Black "Bunta, Andrei"]
[Result "0-1"]
[WhiteElo "1925"]
[BlackElo "2143"]
[PlyCount "75"]
[EventDate "2015.03.30"]
[EventType "swiss"]
[EventRounds "9"]
[EventCountry "ROU"]
[SourceTitle "CBM 165 Extra"]
[Source "ChessBase"]
[SourceDate "2015.04.21"]
[SourceVersion "1"]
[SourceVersionDate "2015.04.21"]
[SourceQuality "1"]

1. d4 Nf6 2. c4 e6 3. Nc3 Bb4 4. e3 0-0 5. Bd3 d5 6. Nf3 c5 7. 0-0 cxd4 8. exd4 dxc4 9. Bxc4 b6 10. Bg5 Bb7 11. Rc1 Nbd7 12. a3 Be7 13. Re1 Rc8 14. Ba2 Re8 15. Ne5 Nf8 16. Qd3 N6d7 17. Bf4 Nxe5 18. Bxe5 Ng6 19. Rcd1 Nxe5 20. dxe5 Qc7 21. Bb1 g6 22. Qd7 Qb8 23. Qa4 Red8 24. Rxd8+ Rxd8 25. b4 a6 26. Qc2 Rc8 27. Qb2 Qc7 28. Nd1 a5 29. Nc3 Bg5 30. Ne4 Qc3 31. Qe2 Qxa3 32. bxa5 bxa5 33. Nf6+ Kg7 34. Be4 Bxe4 35. Nxe4 Bf4 36. Nd6 Rc1 37. Rxc1 Qxc1+ 38. Qf1 0-1

[Event "ROM-ch U18"]
[Site "Calimanesti"]
[Date "2014.04.06"]
[Round "1"]
[White "Constandache, Andrei George"]
[Black "Bunta, Andrei"]
[Result "1/2-1/2"]
[WhiteElo "1696"]
[BlackElo "2050"]
[PlyCount "90"]
[EventDate "2014.04.06"]
[EventType "swiss"]
[EventRounds "9"]
[EventCountry "ROU"]
[SourceTitle "CBM 160 Extra"]
[Source "ChessBase"]
[SourceDate "2014.07.01"]
[SourceVersion "1"]
[SourceVersionDate "2014.07.01"]
[SourceQuality "1"]

1. d4 Nf6 2. Nf3 e6 3. c4 c5 4. e3 d5 5. Nc3 a6 6. Bd3 Nc6 7. 0-0 Be7 8. dxc5 Bxc5 9. Qc2 Nb4 10. Qe2 Nxd3 11. Qxd3 dxc4 12. Qxc4 Qe7 13. Rd1 0-0 14. b3 b5 15. Qh4 Bb7 16. Bb2 Rac8 17. a3 Nd5 18. Qxe7 Bxe7 19. Rdc1 Bf6 20. Nxd5 Rxc1+ 21. Rxc1 Bxb2 22. Ne7+ Kh8 23. Rc7 Bxf3 24. gxf3 Bxa3 25. Nc6 Bc5 26. Ne5 Bb6 27. Rb7 Ba5 28. Ra7 Bc3 29. Nxf7+ Kg8 30. Ng5 a5 31. Nxe6 Rxf3 32. Ng5 Rf5 33. Ra8+ Rf8 34. Ra7 h6 35. Ne4 Bb4 36. Rb7 Rf5 37. Rb6 Rd5 38. Ng3 Rd3 39. Rxb5 Rxb3 40. Ne2 a4 41. Nc1 Rb1 42. Kg2 Rxc1 43. Rxb4 a3 44. Ra4 Ra1 45. Ra7 Kh7 1/2-1/2

[Event "Radulescu Memorial 14th"]
[Site "Ramnicul Valcea"]
[Date "2014.02.01"]
[Round "5"]
[White "Martian, Dragos Daniel"]
[Black "Bunta, Andrei"]
[Result "1/2-1/2"]
[WhiteElo "2188"]
[BlackElo "2035"]
[PlyCount "82"]
[EventDate "2014.01.30"]
[EventType "swiss"]
[EventRounds "7"]
[EventCountry "ROU"]
[SourceTitle "EXT 2015"]
[Source "ChessBase"]
[SourceDate "2014.11.20"]
[SourceVersion "1"]
[SourceVersionDate "2014.11.20"]
[SourceQuality "1"]

1. e4 e6 2. d4 d5 3. Nd2 Nf6 4. Bd3 c5 5. c3 Nc6 6. Ngf3 cxd4 7. cxd4 dxe4 8. Nxe4 Be7 9. 0-0 0-0 10. Ng3 b6 11. a3 Bb7 12. b4 Qd5 13. Be3 Rfd8 14. Qe2 Rac8 15. Rfd1 Qd6 16. Rac1 Qb8 17. Bb1 Nd5 18. Bg5 h6 19. Bxe7 Ncxe7 20. Qd3 Nf6 21. Ne5 Qd6 22. Nc4 Qc6 23. Qf1 Ba6 24. Bd3 Qa4 25. Nxb6 axb6 26. Bxa6 Rxc1 27. Rxc1 Qxa3 28. b5 Rxd4 29. Bb7 Qb3 30. Bf3 Rd8 31. h3 Ned5 32. Rc6 Qb4 33. Kh2 Qd4 34. Rc4 Qe5 35. Rc6 h5 36. Qe2 Qxe2 37. Nxe2 Kf8 38. Nc3 Nxc3 39. Rxc3 g6 40. Rc7 Nd7 41. Rb7 Ne5 1/2-1/2

[Event "ROM-chT2"]
[Site "Olanesti"]
[Date "2013.10.15"]
[Round "4.3"]
[White "Toma Andreica, Alin"]
[Black "Bunta, Andrei"]
[Result "1/2-1/2"]
[WhiteElo "2225"]
[BlackElo "2019"]
[PlyCount "43"]
[EventDate "2013.10.12"]
[EventType "team-tourn"]
[EventRounds "9"]
[EventCountry "ROU"]
[SourceTitle "EXT 2014"]
[Source "ChessBase"]
[SourceDate "2013.11.20"]
[SourceVersion "1"]
[SourceVersionDate "2013.11.20"]
[SourceQuality "1"]
[WhiteTeam "Cluj Napoca"]
[BlackTeam "Ramnicu Valcea"]
[WhiteTeamCountry "ROU"]
[BlackTeamCountry "ROU"]

1. e4 e6 2. d4 d5 3. Nd2 Nf6 4. e5 Nfd7 5. f4 c5 6. c3 Nc6 7. Ndf3 Qb6 8. a3 f6 9. b4 cxd4 10. cxd4 Be7 11. Bd3 0-0 12. Ne2 fxe5 13. fxe5 Rxf3 14. gxf3 Bh4+ 15. Kf1 Ndxe5 16. Bc2 Bd7 17. Kg2 Rf8 18. Rf1 Nc4 19. Qd3 g6 20. Bh6 Rf7 21. b5 Qxb5 22. Rab1 1/2-1/2

[Event "ROM-ch U16"]
[Site "Calimanesti"]
[Date "2013.04.05"]
[Round "6"]
[White "Bunta, Andrei"]
[Black "Mocanu, Victor Valentin"]
[Result "1-0"]
[WhiteElo "1954"]
[BlackElo "1903"]
[PlyCount "87"]
[EventDate "2013.04.02"]
[EventType "swiss"]
[EventRounds "9"]
[EventCountry "ROU"]
[SourceTitle "CBM 153 Extra"]
[Source "ChessBase"]
[SourceDate "2013.04.22"]
[SourceVersion "1"]
[SourceVersionDate "2013.04.22"]
[SourceQuality "1"]

1. d4 Nf6 2. c4 g6 3. Nc3 Bg7 4. e4 d6 5. f3 0-0 6. Be3 e5 7. Nge2 c6 8. Qd2 Qc7 9. d5 c5 10. g4 h5 11. h3 a6 12. Ng3 h4 13. Nge2 Nh7 14. g5 Qe7 15. Rg1 Nd7 16. Nc1 f5 17. gxf6 Qxf6 18. Nd3 Rf7 19. Be2 Nb6 20. Nf2 Bf8 21. 0-0-0 Be7 22. Ng4 Bxg4 23. Rxg4 Kh8 24. Rdg1 Rg8 25. Bf2 g5 26. Nd1 Rfg7 27. Ne3 Rg6 28. Nf5 Nc8 29. Be3 Bd8 30. Qc3 Nf8 31. Qb3 b6 32. Qa4 a5 33. Bd2 Nh7 34. Bc3 Nf8 35. Qc6 Ne7 36. Qxd6 Nxf5 37. Qxf6+ Rxf6 38. exf5 Rxf5 39. f4 Bf6 40. fxg5 Rfxg5 41. Rxh4+ Kg7 42. Rgg4 Kf7 43. Kd1 Rxg4 44. Bxg4 1-0

[Event "ROM-ch U16"]
[Site "Calimanesti"]
[Date "2013.04.05"]
[Round "5"]
[White "David, Alexandru Vasile"]
[Black "Bunta, Andrei"]
[Result "1/2-1/2"]
[WhiteElo "2109"]
[BlackElo "1954"]
[PlyCount "59"]
[EventDate "2013.04.02"]
[EventType "swiss"]
[EventRounds "9"]
[EventCountry "ROU"]
[SourceTitle "CBM 153 Extra"]
[Source "ChessBase"]
[SourceDate "2013.04.22"]
[SourceVersion "1"]
[SourceVersionDate "2013.04.22"]
[SourceQuality "1"]

1. d4 Nf6 2. c4 e6 3. Nc3 Bb4 4. e3 b6 5. Nge2 Ba6 6. a3 Bxc3+ 7. Nxc3 d5 8. Qf3 0-0 9. g4 Bb7 10. g5 Ne4 11. Nxe4 dxe4 12. Qg3 f5 13. b3 c5 14. Bb2 cxd4 15. Bxd4 Nc6 16. Bc3 Qe7 17. Be2 e5 18. Kd1 Rad8+ 19. Kc1 a5 20. Kb2 f4 21. Qg4 Nd4 22. Rae1 Bc8 23. Qh5 g6 24. Qh4 Nf5 25. Qg4 Ng3 26. Qh4 Nxh1 27. Rxh1 f3 28. Bd1 Bf5 29. Bc2 Rfe8 30. a4 1/2-1/2

[Event "ROM-ch U16"]
[Site "Calimanesti"]
[Date "2013.04.03"]
[Round "3"]
[White "Bunta, Andrei"]
[Black "Vrajitoru, Vlad Laurentiu Flor"]
[Result "1-0"]
[WhiteElo "1954"]
[BlackElo "1815"]
[PlyCount "75"]
[EventDate "2013.04.02"]
[EventType "swiss"]
[EventRounds "9"]
[EventCountry "ROU"]
[SourceTitle "CBM 153 Extra"]
[Source "ChessBase"]
[SourceDate "2013.04.22"]
[SourceVersion "1"]
[SourceVersionDate "2013.04.22"]
[SourceQuality "1"]

1. d4 d5 2. c4 e6 3. Nc3 Nf6 4. cxd5 exd5 5. Bg5 Be7 6. Qc2 0-0 7. e3 Nbd7 8. Bd3 h6 9. Bh4 b6 10. Nf3 Bb7 11. 0-0 c5 12. Rfd1 a6 13. Bf5 c4 14. a4 Re8 15. Nd2 Nf8 16. b3 g6 17. Bxf6 Bxf6 18. Bh3 cxb3 19. Qxb3 Qd6 20. Rab1 Bd8 21. g3 Bc7 22. Bg2 Rad8 23. Nf3 Nd7 24. Ne1 Nf8 25. Nd3 g5 26. Nb4 Rb8 27. Nbxd5 Bxd5 28. Nxd5 b5 29. Qc2 Rec8 30. axb5 axb5 31. Qf5 Bd8 32. e4 b4 33. e5 Qe6 34. Qxe6 fxe6 35. Nxb4 Rc4 36. Nc6 Rc8 37. d5 exd5 38. Bxd5+ 1-0

[Event "ROM-ch"]
[Site "Baile Olanesti"]
[Date "2013.02.22"]
[Round "9"]
[White "Horvat, Dan Sebastian"]
[Black "Bunta, Andrei"]
[Result "0-1"]
[WhiteElo "2229"]
[BlackElo "1896"]
[PlyCount "54"]
[EventDate "2013.02.16"]
[EventType "swiss"]
[EventRounds "11"]
[EventCountry "ROU"]
[SourceTitle "CBM 153 Extra"]
[Source "ChessBase"]
[SourceDate "2013.04.22"]
[SourceVersion "1"]
[SourceVersionDate "2013.04.22"]
[SourceQuality "1"]

1. e4 e6 2. d4 d5 3. Nd2 Nf6 4. e5 Nfd7 5. f4 c5 6. c3 Nc6 7. Ndf3 Qb6 8. g3 Be7 9. Bh3 cxd4 10. cxd4 f6 11. Kf1 0-0 12. Kg2 fxe5 13. fxe5 Ncxe5 14. dxe5 Nxe5 15. Qe2 Nc4 16. b3 Bf6 17. Rb1 Bd7 18. Qd3 Nd6 19. Bb2 Ne4 20. Qe2 Bb5 21. Qe1 Rac8 22. Bxe6+ Qxe6 23. Qd1 d4 24. Ne1 Nc3 25. Bxc3 dxc3 26. Ngf3 c2 27. Nxc2 Be2 0-1

[Event "ROM-ch"]
[Site "Baile Olanesti"]
[Date "2013.02.21"]
[Round "8"]
[White "Bunta, Andrei"]
[Black "Florescu, Codrut Constantin"]
[Result "1/2-1/2"]
[WhiteElo "1896"]
[BlackElo "2212"]
[PlyCount "30"]
[EventDate "2013.02.16"]
[EventType "swiss"]
[EventRounds "11"]
[EventCountry "ROU"]
[SourceTitle "CBM 153 Extra"]
[Source "ChessBase"]
[SourceDate "2013.04.22"]
[SourceVersion "1"]
[SourceVersionDate "2013.04.22"]
[SourceQuality "1"]

1. d4 Nf6 2. c4 e6 3. g3 d5 4. Nf3 Be7 5. Bg2 0-0 6. 0-0 Nbd7 7. Nbd2 c6 8. Qc2 b6 9. e4 Bb7 10. e5 Ne8 11. b3 Rc8 12. Bb2 c5 13. cxd5 Bxd5 14. Rac1 Qc7 15. Bc3 Qb7 1/2-1/2

[Event "ROM-ch"]
[Site "Baile Olanesti"]
[Date "2013.02.19"]
[Round "5"]
[White "Costachi, Mihnea"]
[Black "Bunta, Andrei"]
[Result "0-1"]
[WhiteElo "2056"]
[BlackElo "1896"]
[PlyCount "43"]
[EventDate "2013.02.16"]
[EventType "swiss"]
[EventRounds "11"]
[EventCountry "ROU"]
[SourceTitle "CBM 153 Extra"]
[Source "ChessBase"]
[SourceDate "2013.04.22"]
[SourceVersion "1"]
[SourceVersionDate "2013.04.22"]
[SourceQuality "1"]

1. d4 Nf6 2. c4 e6 3. Nc3 Bb4 4. e3 b6 5. Nge2 c5 6. a3 Ba5 7. Rb1 Nc6 8. Bd2 Bb7 9. Nf4 0-0 10. Bd3 cxd4 11. exd4 Bxc3 12. bxc3 Ne7 13. 0-0 Be4 14. Qe2 d5 15. cxd5 exd5 16. f3 Bxd3 17. Nxd3 Nc6 18. g4 Re8 19. Qg2 Qd6 20. Rbc1 Qxa3 21. g5 Nd7 22. f4 0-1

[Event "ROM-ch"]
[Site "Baile Olanesti"]
[Date "2013.02.18"]
[Round "3"]
[White "Csaszar, Attila"]
[Black "Bunta, Andrei"]
[Result "0-1"]
[WhiteElo "2083"]
[BlackElo "1896"]
[PlyCount "86"]
[EventDate "2013.02.16"]
[EventType "swiss"]
[EventRounds "11"]
[EventCountry "ROU"]
[SourceTitle "CBM 153 Extra"]
[Source "ChessBase"]
[SourceDate "2013.04.22"]
[SourceVersion "1"]
[SourceVersionDate "2013.04.22"]
[SourceQuality "1"]

1. e4 e6 2. d4 d5 3. exd5 exd5 4. Bd3 Nf6 5. Nf3 Be7 6. 0-0 0-0 7. Bg5 Bg4 8. Nbd2 Nbd7 9. c3 Bh5 10. Qb3 Nb6 11. a4 a5 12. Rfe1 Bg6 13. Bf1 Re8 14. Bb5 c6 15. Bf1 Ne4 16. Nxe4 dxe4 17. Bxe7 Rxe7 18. Ne5 Nd5 19. Nxg6 hxg6 20. g3 Qd7 21. Bg2 Rae8 22. Re2 f5 23. Rae1 Kh7 24. Qc2 Qd6 25. Qc1 Nb6 26. b3 c5 27. Rd1 c4 28. Qb2 Rc8 29. Ra1 Nd5 30. bxc4 Rxc4 31. Rc2 Rec7 32. Ra3 Rxd4 33. cxd4 Rxc2 34. Qxc2 Qxa3 35. h4 Qa1+ 36. Kh2 Qxd4 37. h5 gxh5 38. Qe2 Nf6 39. Bh3 Ng4+ 40. Kg2 e3 41. Bxg4 hxg4 42. Qxe3 Qe4+ 43. Qxe4 fxe4 0-1

[Event "ROM-ch"]
[Site "Baile Olanesti"]
[Date "2013.02.17"]
[Round "2"]
[White "Bunta, Andrei"]
[Black "Cristian, Codrut"]
[Result "1-0"]
[WhiteElo "1896"]
[BlackElo "1563"]
[PlyCount "63"]
[EventDate "2013.02.16"]
[EventType "swiss"]
[EventRounds "11"]
[EventCountry "ROU"]
[SourceTitle "CBM 153 Extra"]
[Source "ChessBase"]
[SourceDate "2013.04.22"]
[SourceVersion "1"]
[SourceVersionDate "2013.04.22"]
[SourceQuality "1"]

1. d4 d5 2. c4 e6 3. Nc3 Be7 4. Nf3 Nf6 5. Bg5 0-0 6. e3 c6 7. cxd5 exd5 8. Qc2 h6 9. Bh4 Ne8 10. Bxe7 Qxe7 11. Bd3 Nd6 12. 0-0 Qf6 13. b4 Bf5 14. b5 Nxb5 15. Nxb5 Bxd3 16. Qxd3 cxb5 17. Qxb5 Qc6 18. Qb3 b6 19. Rac1 Qd6 20. Ne5 f6 21. Ng6 Re8 22. Rc2 Kh7 23. Qd3 Kg8 24. Rfc1 Nd7 25. Rc6 Qb4 26. a3 Qb2 27. R6c2 Qxc1+ 28. Rxc1 Rac8 29. Ne7+ Kf7 30. Nxc8 Ne5 31. dxe5 Rxc8 32. Qxd5+ 1-0

[Event "ROM-ch"]
[Site "Baile Olanesti"]
[Date "2013.02.16"]
[Round "1"]
[White "Voiteanu, Christian Gabriel"]
[Black "Bunta, Andrei"]
[Result "1-0"]
[WhiteElo "2287"]
[BlackElo "1896"]
[PlyCount "52"]
[EventDate "2013.02.16"]
[EventType "swiss"]
[EventRounds "11"]
[EventCountry "ROU"]
[SourceTitle "CBM 153 Extra"]
[Source "ChessBase"]
[SourceDate "2013.04.22"]
[SourceVersion "1"]
[SourceVersionDate "2013.04.22"]
[SourceQuality "1"]

1. d4 Nf6 2. c4 e6 3. Nf3 b6 4. a3 c5 5. d5 Ba6 6. Qc2 Be7 7. e4 exd5 8. e5 Ng4 9. h3 Nh6 10. cxd5 Bxf1 11. Kxf1 d6 12. Nc3 dxe5 13. Bxh6 gxh6 14. Nxe5 Bf6 15. Qa4+ Kf8 16. Qf4 Bxe5 17. Qxe5 Rg8 18. h4 Nd7 19. Qf5 Nf6 20. Rh3 Rg4 21. Re1 Qd6 22. Re5 Re8 23. Rxe8+ Kxe8 24. Re3+ Kf8 25. Nb5 Qxd5 26. Qxf6 Qd7 1-0

[Event "EU-ch U14"]
[Site "Albena"]
[Date "2011.09.17"]
[Round "6"]
[White "Bunta, Andrei"]
[Black "Bayramov, Elkhan Khayyat"]
[Result "0-1"]
[WhiteElo "1808"]
[BlackElo "2084"]
[PlyCount "45"]
[EventDate "2011.09.11"]
[EventType "swiss"]
[EventRounds "9"]
[EventCountry "BUL"]
[SourceTitle "CBM 144 Extra"]
[Source "ChessBase"]
[SourceDate "2011.10.28"]
[SourceVersion "1"]
[SourceVersionDate "2011.10.28"]
[SourceQuality "1"]

1. c4 Nf6 2. d4 g6 3. g3 Bg7 4. Bg2 0-0 5. Nf3 d6 6. 0-0 a6 7. Nc3 Nc6 8. h3 e5 9. d5 Ne7 10. e4 h6 11. Bd2 Ne8 12. Ne1 f5 13. Nd3 Nf6 14. Qe2 fxe4 15. Nxe4 Nf5 16. Bc3 Bd7 17. b4 b5 18. Nb2 bxc4 19. Nxf6+ Qxf6 20. Nxc4 Nd4 21. Bxd4 exd4 22. a4 Rae8 23. Qd2 0-1

[Event "ROM-ch U12 Boys"]
[Site "Voineasa"]
[Date "2008.04.14"]
[Round "4"]
[White "Bunta, Andrei"]
[Black "Sorea, Mihai"]
[Result "1-0"]
[WhiteElo "521"]
[BlackElo "446"]
[PlyCount "65"]
[EventDate "2008.04.08"]
[EventType "swiss"]
[EventRounds "9"]
[EventCountry "ROU"]
[SourceTitle "EXT 2013"]
[Source "ChessBase"]
[SourceDate "2012.11.22"]
[SourceVersion "1"]
[SourceVersionDate "2012.11.22"]
[SourceQuality "1"]

1. e4 e6 2. d4 d5 3. Nd2 Nf6 4. e5 Ne4 5. Bd3 Nxd2 6. Bxd2 c5 7. c3 Nd7 8. Nf3 b6 9. 0-0 Be7 10. h3 0-0 11. Qb1 g6 12. Qc1 Re8 13. Re1 Bb7 14. Bg5 Rc8 15. Bxe7 Qxe7 16. Qd2 cxd4 17. cxd4 Nb8 18. Rac1 Nc6 19. Bb5 Red8 20. Rc3 Qb4 21. Bxc6 Rxc6 22. Rxc6 Qxd2 23. Nxd2 Bxc6 24. Rc1 Bb5 25. b3 Kg7 26. Rc7 Ra8 27. f3 g5 28. Kf2 Kg6 29. g3 h5 30. g4 hxg4 31. hxg4 Bd3 32. Ke3 Bc2 33. Rxc2 1-0